000
00327nam a2200145Ia 4500
008
221030s9999 xx 000 0 und d
041
_a
English
082
_a
105.6
100
_a
Hamadri/489
245
0
_a
Incomtex Peoceassing Easy
_c
Deepali/497
250
_a
2010
260
_a
Jammu
_c
2014
650
_a
IT
942
_c
TH
999
_c
15205
_d
15205